01629nam a22003974a 4500001001200000003000800012006001900020007001500039008004100054010001700095015001900112016002000131016001800151020002800169020003100197040002100228035002100249050002500270082002000295100002200315245009800337260008700435300001100522490003800533504005400571505012100625533015200746650003500898650004300933650002000976650002400996655002901020710001701049830003901066856012601105ebr10177886CaPaEBRm u cr cn|||||||||051017s2006 enk sb 000 0 eng  z 2005030309 aGBA6058162bnb7 z1012722062DNLM7 z0133597442Uk z019929092X (alk. paper) z9780199290925 (alk. paper) aCaPaEBRcCaPaEBR a(OCoLC)17075219114aRJ47.3b.G556 2006eb04a618.92/00422221 aGlover, Jonathan.10aChoosing childrenh[electronic resource] :bgenes, disability, and design /cJonathan Glover. aOxford :bClarendon Press ;aOxford ;aNew York :bOxford University Press,c2006. a120 p.1 aUehiro series in practical ethics aIncludes bibliographical references (p. 105-110).0 aDisability and genetic choice -- Parental choice and what we owe to our children -- Human values and genetic design. aElectronic reproduction.bPalo Alto, Calif. :cebrary,d2013.nAvailable via World Wide Web.nAccess may be limited to ebrary affiliated libraries. 0aGenetic disorders in children. 0aAbnormalities, HumanxGenetic aspects. 0aMedical ethics. 0aGenetic counseling. 7aElectronic books.2local2 aebrary, Inc. 0aUehiro series in practical ethics.40uhttp://site.ebrary.com/lib/rucke/Doc?id=10177886zAn electronic book accessible through the World Wide Web; click to view